00588nam a2200169 a 4500008004100000020002200041100001800063245007300081260004500154300003400199504006600233538006400299650002800363003000100391005001700392040000900409  a0201343010 (pbk.)1 aBateman, Andy10aDigital communications :bdesign for the real world /cAndy Bateman. aHarlow, Essex :bAddison-Wesley,cc1999. axxv, 221 p. :bill. ;c24 cm. aIncludes bibliographical references (p. [209]-210) and index. aSystem requirements: Mac or Windows (3.1 or later) systems. 0aDigital communications.20230123133548.0 cNUST